Qué se sabe de... Jesús de Nazaret.
Salvato in:
| Autore principale: | |
|---|---|
| Altri autori: | , |
| Natura: | Sconosciuto |
| Pubblicazione: |
Navarra, España:
Verbo Divino,
2009.
|
| Serie: | Qué se sabe de...
|
| Soggetti: | |
| Tags: |
Aggiungi Tag
Nessun Tag, puoi essere il primo ad aggiungerne!!
|
MARC
| LEADER | 00000 a2200000 4500 | ||
|---|---|---|---|
| 003 | CL-VaPUC | ||
| 005 | 20250107164800.0 | ||
| 008 | 241217t2009 ||||| |||| 00| 0 eng d | ||
| 999 | |c 445738 |d 445736 | ||
| 020 | |a 978-84-8169-922-7 | ||
| 040 | |c Pontificia Universidad Católica de Valparaíso | ||
| 082 | |2 22 |a 232.908 AGU 2009 | ||
| 100 | |a Aguirre Monasterio, Rafael |9 604890 |e autor | ||
| 245 | |a Qué se sabe de... Jesús de Nazaret. | ||
| 260 | |a Navarra, España: |b Verbo Divino, |c 2009. | ||
| 300 | |a 271 páginas. | ||
| 490 | |a Qué se sabe de... |n 1. | ||
| 583 | |k Yessy Díaz Vidal |c 20241217 | ||
| 600 | 0 | |9 313614 |a Jesús |v Biografías |v Fuentes bíblicas | |
| 600 | 0 | |9 885820 |a Jesucristo |x Historicidad | |
| 700 | |a Bernabé Ubieta, Carmen |9 603566 |e autora | ||
| 700 | |a Gil Arbiol, Carlos |9 598554 |e autor | ||
| 942 | |2 ddc |c BK | ||
| 952 | |0 0 |1 0 |2 ddc |4 0 |6 232_908000000000000_AGU_2009 |7 0 |8 A |9 598754 |a BIBTEO |b BIBTEO |d 2024-12-17 |e 8 |g 16800.00 |i 5663712 |o 232.908 AGU 2009 |p 5663712 |r 2025-01-17 |t 1 |v 16800.00 |w 2024-12-17 |y BK |k ICR | ||